Name the Yankee #1 - Statistics

General Stats
  • This quiz has been taken 17 times
  • The average score is 11 of 20
Answer Stats
Picture Answer % Correct
Aaron Judge
100%
Babe Ruth
88%
Derek Jeter
75%
Gerrit Cole
75%
Giancarlo Stanton
75%
Mickey Mantle
75%
Brett Gardner
63%
Lou Gehrig
63%
Aroldis Chapman
50%
Hideki Matsui
50%
Max Fried
50%
Yogi Berra
50%
Darryl Strawberry
38%
Gary Sanchez
38%
Jason Giambi
38%
Mike Mussina
38%
Whitey Ford
38%
Cam Schlittler
25%
Didi Gregorious
25%
Nick Swisher
0%
No matching quizzes found
Score Distribution
Percent of People with Each Score
Percentile by Number Answered
Your Score History
You have not taken this quiz